Αρχείον οικονομικών και κοινωνικών επιστημών

Αποθηκεύτηκε σε:
Λεπτομέρειες βιβλιογραφικής εγγραφής
Κύριος συγγραφέας: Καλιτσουνάκης, Δημήτριος Ε.
Μορφή: Βιβλίο
Γλώσσα:Greek
Δημοσίευση: Εν Αθήναις : Βιβλιοπωλείον Γ. Βασιλείου, 1928.
Θέματα:
Διαθέσιμο Online:http://hdl.handle.net/11610/16553
Ετικέτες: Προσθήκη ετικέτας
Δεν υπάρχουν, Καταχωρήστε ετικέτα πρώτοι!

MARC

LEADER 00000cam a2200000 i 4500
001 1/59808
008 141113s1928 gr | ||| |||| ||gre||
035 |l 10119762 
040 |a GR-MyUA  |b gre  |e AACR2 
041 0 |a gre 
082 0 |a 330   |2 (23)  
100 1 |a Καλιτσουνάκης, Δημήτριος Ε. 
245 1 0 |a Αρχείον οικονομικών και κοινωνικών επιστημών /   |c εκδιδόμενον υπό Δημήτρ. Καλιτσουνάκη.  
260 |a Εν Αθήναις :   |b Βιβλιοπωλείον Γ. Βασιλείου,   |c 1928.  
300 |a 126, 12*, 8** ποικίλη σελιδαρίθμηση :   |b πίν. ;   |c 26 εκ.  
500 |a Υπάρχει ψηφιακό αντίγραφο. Τριμηνιαία επιστημονική περιοδική έκδοση βιβλιοδετημένη ανά έτος. Περιέχει βιβλιοκρισίες ελληνικής και ξένης βιβλιογραφίας.  
650 0 0 |a Social sciences. 
650 0 0 |a Economics. 
852 |a INST  |b SAMOS  |c PORFYRIADA  |e 20141113  |h 330 ΚΑΛ  |p 005300037175  |q 005300037175  |t NOLOAN  |y 23 
856 |u http://hdl.handle.net/11610/16553 
901 |a BIBL3-2014-3 
909 |a Σ  |b 185329 
970 |a ΣΙΤΖΙΜΗ  |b ΓΙΑΣΕΜΗ  |z 2014/11/13